| 000 | 00435nam a2200157Ia 4500 | ||
|---|---|---|---|
| 005 | 20240807062517.0 | ||
| 008 | 240806s9999||||xx |||||||||||||| ||eng|| | ||
| 041 | _aeng | ||
| 082 |
_a160 _bKAML |
||
| 100 | _aKaminsky, Alice And Jack | ||
| 245 | 0 |
_aLogic: a philosophical introduction / _cKaminsky, Alice And Jack |
|
| 260 | _bAddison Wesley Publishing Company, London | ||
| 300 | _a276 & V.P. | ||
| 650 | _aPhilosophy | ||
| 942 | _cBK | ||
| 999 |
_c21114 _d21114 |
||